Statistiques concernant Paroles - Joe le taxi

Cliquez ici pour prendre le quiz!

Statistiques générales

  • Ce quiz a été pris 157 fois
  • Le résultat moyen est 54 sur 73

Statistiques - réponses

Paroles% Correct
Joe
100%
Joe
100%
Joe
100%
le
100%
le
100%
le
100%
le
100%
taxi
100%
taxi
100%
sa
97%
sa
97%
c'
95%
c'
95%
à
94%
est
91%
est
91%
est
91%
il
91%
il
91%
il
91%
vie
90%
par
87%
pas
87%
pas
87%
va
87%
au
84%
au
84%
au
84%
mambo
83%
mambo
83%
mambo
83%
les
82%
les
82%
les
82%
la
81%
la
81%
la
81%
partout
81%
ça
78%
dans
75%
rhum
71%
Rhum
71%
son
71%
et
69%
et
69%
et
69%
musique
67%
marche
64%
jaune
63%
caisse
62%
comme
62%
soda
62%
embouteillage
61%
rock
60%
rumba
59%
connaît
58%
coeur
57%
rues
57%
toutes
57%
saxo
55%
tous
50%
tous
50%
vieux
48%
résonne
47%
noirs
46%
coins
45%
ses
44%
petits
41%
bars
40%
qui
38%
Seine
34%
brillent
28%
ponts
27%

Distribution des résultats

Percentile par nombre de réponses

% des personnes avec chaque résultat

Votre développement - résultats

Vous n’avez pas pris ce quiz